000 00428nam a2200133Ia 4500
008 151001s9999||||xx |||||||||||||| ||und||
100 _aशं र फाटक
245 _aलक्षण भावना कोश
250 _a4
260 _bमहाराष्ट्र राज्य साहित्य संस्कुती मंडळ मुंबई
260 _c2005
300 _a565
365 _b21
999 _c1000778
_d1000775